00685nam a22002177a 450000500170000001000130001702000220003003500130005203700160006504000120008108200170009324500650011026000380017527000460021330000210025949000710028050000390035165000200039065000420041070000150045220170124110018.0 aA-992042 c00.00a8187046066 aA-992042 bCen Lib/Ret aDPLbEN a351.751bFED aFederal India emerging economic issues /cedited by V.S.Jafa aDelhibIndian tax institutec1999 a34,Gujranwala town Part -2bDelhie110033 a173p. c21cm(Hb) aIndian economy since independence series third title in the series aIncludes bibliographical reference aEconomic policy aDecentralization in governmentzIndia aJafa, V.S.